Energy conversion (Record no. 310861)

MARC details
000 -LEADER
fixed length control field 00495 a2200193 4500
005 - DATE & TIME
control field 20240418120511.0
008 - FIXED-LENGTH DATA ELEMENTS--GENERAL INFORMATION
fixed length control field 240418b |||||||| |||| 00| 0 eng d
020 ## - ISBN
International Standard Book Number 9789356095427
Price Rs. 650.00
040 ## - CATALOGING SOURCE
Original cataloging agency VIVEKANANDA LIBRARY
082 ## - DDC NUMBER
Classification number 621.4021
Book Number V442E
100 ## - MAIN ENTRY--PERSONAL NAME
Personal name Vashishth, Ravi Narayan
245 ## - TITLE STATEMENT
Title Energy conversion
260 ## - PUBLICATION, DISTRIBUTION, ETC. (IMPRINT)
Name of publisher, distributor, etc Arihant Books
Place of publication, distribution, etc New Delhi
Date of publication, distribution, etc 2023
300 ## - PHYSICAL DESCRIPTION
Pages vi, 276
650 ## - Subject
Subject Engineering
650 ## - Subject
Subject Energy Conversion
650 ## - Subject
Subject Energy Engineering
942 ## - ADDED ENTRY ELEMENTS (KOHA)
Koha item type Books
Holdings
Withdrawn status Lost status Source of classification or shelving scheme Damaged status Not for loan Location (home branch) Sublocation or collection (holding branch) Shelving location Date acquired Koha issues (times borrowed) Koha full call number Accession No. Koha date last seen Koha item type
    Dewey Decimal Classification     VIVEKANANDA LIBRARY VIVEKANANDA LIBRARY UIET Library 20/01/2024   621.4021 V442E 430128 20/01/2024 Books
© Designed and Maintained by Vivekananda Library, MDU Rohtak